000 01398nam a2200313 a 4500
001 79500
003 BD-RjUL
005 20230303213136.0
008 220306s2012 bg |||| m||| 00| 0 eng d
035 _a(BD-RjUL)79500
040 _aBD-RjUL
_beng
_cBD-RjUL
_dBD-RjUL
041 _aeng
082 _a891.44109
_bARR 2012
_223
100 _aAra, Rawnak
_91708
245 _aRabindranath Tagore and the English Romantic poets :
_bA study in the Heritage of Romanticism /
_cBy Rawnak Ara ;
_6Supervisor : Md. Shahidur Rahman ; Co-Supervisor: Md. Asad-Ullah-Al-Hussain
260 _aRajshahi :
_bInstitute of Bangladesh Studies, University of Rajshahi,
_c2012
300 _axiv, 336 Leaves ;
_c30 cm.
502 _aThesis ( Ph. D.) -- Institute of Bangladesh Studies, University of Rajshahi, 2012
504 _aBibliography : Leaves [319] - 336
600 _aTagore, Rabindranath
_d1861-1941 A. D.
_xCriticism and interpretation.
_93527
650 _aBengali Poetry
_xHistory and Criticism
_92119
650 _aBengali poetry
_xEnglish influences
_93528
650 _aPoets, English
_zGreat Britain
_xHistory and criticism.
_93529
650 _aEnglish Poetry
_xHistory and criticism.
_93530
700 _aRahman, Md. Shahidur, Supervisor
_91711
700 _aAsad-Ullah-Al-Hussain, Md. , Co-Supervisor
_91712
856 _uhttp://rulrepository.ru.ac.bd/handle/123456789/816
942 _2ddc
_cTHE
999 _c79500
_d79500